00491nam a2200109Ia 4500008004100000050002300041100003300064245014300097260008600240300002800326521002700354140724s9999 xx 000 0 und d aT 58.6b.M277 2011 aMangampo, Miguel Salvador L. aManagement information system (MIS) issue tracking system for Southville International School and Colleges /cMiguel Salvador L. Mangampo. aLas Piñas, Philippines :bSouthville International School and Colleges,cc2011. a39 p. :bill. ;c28 cm. aInformation Technology